[Event "103rd YMCA Winter A"]
[Site "Warszawa"]
[Date "2012.02.24"]
[Round "8"]
[White "Adamski, Andrzej"]
[Black "Choroszej, Aleksander"]
[Result "1/2-1/2"]
[WhiteElo "2271"]
[BlackElo "2070"]
[Annotator "M"]
[PlyCount "199"]
[EventDate "2012.01.04"]
[EventRounds "1"]
[EventCountry "POL"]
[SourceDate "2012.01.03"]

1. e4 g6 2. d4 Bg7 3. Nc3 d6 4. f4 Nf6 5. Nf3 O-O 6. e5 Nfd7 7. Bc4 Nb6 8. Bb3
Nc6 9. Be3 Na5 10. O-O Bg4 11. Qe1 Bxf3 12. Rxf3 e6 13. Bf2 Nxb3 14. axb3 d5
15. Bh4 Qe8 16. Re3 Nc8 17. Bf6 Bxf6 18. exf6 Nd6 19. Nxd5 Nf5 20. Re5 Qd8 21.
Rd1 Kh8 22. Rxf5 exf5 23. Ne7 Qd6 24. Qh4 Rae8 25. d5 Rxe7 26. fxe7 Re8 27. Re1
Kg8 28. c4 c6 29. Re5 cxd5 30. cxd5 Qc5+ 31. Qf2 Qd6 32. Qe3 f6 33. Re6 Qxd5
34. Rxf6 b6 35. Qc3 Qc5+ 36. Qxc5 bxc5 37. Rc6 Rxe7 38. Rxc5 Rb7 39. Rc3 Kf7
40. Kf2 Ke6 41. Ke3 Kd5 42. g3 a5 43. Kd3 h5 44. h4 Rb4 45. Kc2 Re4 46. Kb1 Rb4
47. Ka2 Kd6 48. Rc8 Kd5 49. Re8 Re4 50. Rd8+ Kc5 51. Rd3 Re2 52. Rc3+ Kb5 53.
Ka1 Rg2 54. Re3 Kb4 55. Ka2 a4 56. bxa4 Kxa4 57. Kb1 Kb4 58. b3 Kc5 59. Rd3 Re2
60. Kc1 Ra2 61. Kd1 Rg2 62. Ke1 Ra2 63. Kf1 Ra6 64. Ke2 Ra2+ 65. Rd2 Ra3 66.
Rc2+ Kb5 67. Rc3 Ra6 68. Re3 Kb4 69. Rd3 Kc5 70. Ke3 Re6+ 71. Kd2 Kb4 72. Kd1
Ra6 73. Kc1 Ra1+ 74. Kb2 Rg1 75. Rd4+ Kc5 76. Rd3 Kb4 77. Kc2 Rg2+ 78. Kd1 Rg1+
79. Ke2 Kc5 80. b4+ Kc6 81. Rc3+ Kd5 82. Rc5+ Kd6 83. Kf2 Rb1 84. Rb5 Kc7 85.
Re5 Rxb4 $11 86. Re7+ Kd6 87. Rg7 Rb2+ 88. Kf3 Rb3+ 89. Kg2 Rb2+ 90. Kh3 Kd5
91. Rxg6 Ke4 92. Ra6 Kf3 93. Ra3+ Ke4 94. Rc3 Rd2 95. Ra3 Rb2 96. Ra5 Kf3 97.
Ra1 Rc2 98. Rf1+ Rf2 99. Rxf2+ Kxf2 100. Kh2 $11 1/2-1/2

[Event "103rd YMCA Winter A"]
[Site "Warszawa"]
[Date "2012.02.22"]
[Round "8"]
[White "Jarmula, Lukasz"]
[Black "Liberadzki, Slawomir"]
[Result "1-0"]
[WhiteElo "2018"]
[BlackElo "2100"]
[PlyCount "65"]
[EventDate "2012.01.04"]
[EventType "tourn"]
[EventRounds "1"]
[EventCountry "POL"]
[SourceDate "2012.01.03"]

1. e4 c5 2. Nf3 e6 3. d4 cxd4 4. Nxd4 Nc6 5. Nc3 Qc7 6. Be3 a6 7. Qd2 Nf6 8.
O-O-O Ne5 9. f3 Bb4 10. Nb3 b5 11. Qe1 Nc4 12. Bxc4 bxc4 13. Nd4 Qa5 14. Nde2
Bb7 15. Qf2 Rc8 16. Bd4 Bc5 17. Qg3 Bxd4 18. Rxd4 O-O 19. e5 Nh5 20. Qg5 g6 21.
Ng3 f6 22. Qh6 Rf7 23. Nxh5 gxh5 24. Re1 fxe5 25. Qxh5 Rc5 26. Rxd7 Rxd7 27.
Qe8+ Kg7 28. Qxd7+ Kf6 29. Qxb7 Rc7 30. Qb8 Kg7 31. Qd8 e4 32. Rxe4 h5 33. Rxc4
1-0

[Event "103rd YMCA Winter A"]
[Site "Warszawa"]
[Date "2012.02.24"]
[Round "8"]
[White "Zaczek, Jonathon"]
[Black "Nowicki, Bartosz"]
[Result "1-0"]
[WhiteElo "2126"]
[BlackElo "2127"]
[PlyCount "61"]
[EventDate "2012.01.04"]
[EventType "tourn"]
[EventRounds "1"]
[EventCountry "POL"]
[SourceDate "2012.01.03"]

1. e4 c5 2. Nf3 d6 3. d4 cxd4 4. Nxd4 Nf6 5. Nc3 a6 6. Bc4 e6 7. Bb3 Be7 8. g4
h6 9. f4 Nh7 10. O-O Nc6 11. Be3 Bd7 12. g5 hxg5 13. f5 Nf8 14. fxe6 fxe6 15.
Nxc6 bxc6 16. Qf3 Bf6 17. e5 dxe5 18. Ne4 Kf7 19. Rad1 Kg6 20. Nc5 Qe7 21. Qe4+
Kh5 22. Rf3 g4 23. Rg3 g5 24. Qxg4+ Kg6 25. Nxd7 Nxd7 26. Bxe6 Nf8 27. Qf5+ Kh6
28. Bc4 Rd8 29. Rf1 Nh7 30. Bd3 Rdg8 31. Rh3+ 1-0

[Event "103rd YMCA Winter A"]
[Site "Warszawa"]
[Date "2012.02.24"]
[Round "8"]
[White "Rutkowski, Piotr"]
[Black "Jarmula, Pawel"]
[Result "0-1"]
[WhiteElo "2095"]
[BlackElo "2219"]
[PlyCount "88"]
[EventDate "2012.01.04"]
[EventType "tourn"]
[EventRounds "1"]
[EventCountry "POL"]
[SourceDate "2012.01.03"]

1. d4 d5 2. c4 c6 3. Nc3 Nf6 4. Nf3 e6 5. Bg5 h6 6. Bh4 dxc4 7. e4 g5 8. Bg3
Bb4 9. Bxc4 Nxe4 10. Qd3 Nxg3 11. fxg3 b5 12. Bb3 Nd7 13. O-O Nc5 14. Qc2 Nxb3
15. Qxb3 Be7 16. Kh1 b4 17. Ne5 bxc3 18. Nxf7 Qxd4 19. bxc3 Qg7 20. Nxh8 Qxh8
21. Rad1 Qg7 22. Rd2 Qg6 23. Qa4 e5 24. Re2 Rb8 25. Rxe5 Rb1 26. Ree1 Rxe1 27.
Rxe1 Qd6 28. Qxa7 Be6 29. Qa8+ Kf7 30. Qh8 Bf5 31. g4 Bg6 32. Qc8 Bf6 33. c4
Kg7 34. Qe6 Qxe6 35. Rxe6 c5 36. a4 Kf7 37. Rc6 Be7 38. a5 Be4 39. Rc7 Ke8 40.
Rc8+ Kd7 41. Rb8 Bd6 42. Rb5 Bc6 43. a6 Bxb5 44. cxb5 Kc7 0-1

[Event "103rd YMCA Winter A"]
[Site "Warszawa"]
[Date "2012.02.24"]
[Round "8"]
[White "Zysko, Jan"]
[Black "Kaczorowski, Piotr"]
[Result "1-0"]
[WhiteElo "2184"]
[BlackElo "2104"]
[PlyCount "116"]
[EventDate "2012.01.04"]
[EventType "tourn"]
[EventRounds "1"]
[EventCountry "POL"]
[SourceDate "2012.01.03"]

1. e4 e6 2. d4 d5 3. Nc3 dxe4 4. Nxe4 Nd7 5. Nf3 Be7 6. Bd3 b6 7. Bg5 Bb7 8.
Qe2 Bxg5 9. Nexg5 Ngf6 10. O-O-O h6 11. Ne4 O-O 12. Kb1 Nxe4 13. Bxe4 Bxe4 14.
Qxe4 Nf6 15. Qe2 Qd6 16. Rd2 Rfd8 17. Rhd1 Qf4 18. Qe5 Qg4 19. Rd3 Rd6 20. h3
Qe4 21. Re1 Qxe5 22. Rxe5 Rad8 23. a3 Kf8 24. g3 c5 25. c3 cxd4 26. Rxd4 Ke7
27. Kc2 Nd5 28. Re2 f6 29. Ra4 a5 30. Nd4 g6 31. Rc4 Kf7 32. Nb5 R6d7 33. Rc6
e5 34. c4 Ne7 35. Rxb6 Nf5 36. c5 a4 37. c6 Rd5 38. Kc3 Rc8 39. Kb4 Rxb5+ 40.
Rxb5 Rxc6 41. Kxa4 Ke6 42. Rd2 Nd4 43. Rb7 f5 44. Ka5 Rd6 45. Rb6 Nb3+ 46. Rxb3
Rxd2 47. f3 e4 48. fxe4 fxe4 49. a4 Rd3 50. Rb8 e3 51. Re8+ Kd5 52. b4 Kd4 53.
b5 Rd2 54. b6 Rb2 55. Ka6 e2 56. b7 Kd3 57. a5 Rb4 58. Ka7 Re4 1-0

[Event "103rd YMCA Winter A"]
[Site "Warszawa"]
[Date "2012.02.24"]
[Round "8"]
[White "Malec, Sebastian"]
[Black "Kielar, Maciej"]
[Result "1/2-1/2"]
[WhiteElo "2143"]
[BlackElo "2084"]
[Annotator "M"]
[PlyCount "119"]
[EventDate "2012.01.04"]
[EventType "tourn"]
[EventRounds "1"]
[EventCountry "POL"]
[SourceDate "2012.01.03"]

1. e4 c5 2. Nf3 g6 3. d4 Bg7 4. Nc3 cxd4 5. Nxd4 Nc6 6. Be3 Nf6 7. Bc4 O-O 8.
Bb3 d6 9. h3 Bd7 10. O-O Rc8 11. f4 Qa5 12. Nde2 Qh5 13. Rf3 a6 14. Rg3 Bh6 15.
Qf1 Na5 16. Rf3 Nxb3 17. axb3 Nxe4 18. Nxe4 Rxc2 19. g4 Qd5 20. N4c3 Qxb3 21.
Nd4 Qxb2 22. Nxc2 Qxc3 23. Rc1 Bg7 24. Nd4 Qa5 25. f5 Qd5 26. Rd1 Bxd4 27. Rxd4
Qe5 28. Qf2 Bc6 29. Rg3 Qa5 30. Kh2 Kg7 31. f6+ exf6 32. Rd1 Re8 33. Rf1 Re6
34. g5 f5 35. Bd4+ Kf8 36. Re3 Qd5 37. Rxe6 fxe6 38. Bf6 Kf7 39. Rg1 h5 40. Qb2
Qe4 $11 41. Qd2 e5 42. Re1 Qf3 43. Rg1 Ke6 44. Rd1 Bd5 45. Rc1 f4 46. Rb1 Bc6
47. Qa2+ Bd5 48. Qc2 Bc6 $11 49. Bd8 Qe4 50. Qd2 Qd5 51. Qf2 Qf3 52. Qb2 Qd5
53. Bc7 Kd7 54. Bb8 Kc8 55. Ba7 Kd7 56. Qc2 Qe4 57. Qd2 Qd5 58. Qc2 Qe4 59. Qd2
Qd5 60. Qc2 1/2-1/2

[Event "103rd YMCA Winter A"]
[Site "Warszawa"]
[Date "2012.02.28"]
[Round "9"]
[White "Kielar, Maciej"]
[Black "Goslawski, Michal"]
[Result "0-1"]
[WhiteElo "2084"]
[BlackElo "2067"]
[PlyCount "84"]
[EventDate "2012.01.04"]
[EventType "tourn"]
[EventRounds "1"]
[EventCountry "POL"]
[SourceDate "2012.01.03"]

1. e4 e6 2. d3 d5 3. Nd2 c5 4. g3 Bd6 5. Bg2 Ne7 6. Qe2 O-O 7. f4 f6 8. Ngf3
Nbc6 9. O-O Bc7 10. b3 Bd7 11. Ba3 b6 12. c4 d4 13. Rae1 a5 14. Rb1 Nb4 15.
Bxb4 axb4 16. Rb2 Ra7 17. Rf2 Bc6 18. Nf1 Qd7 19. Qe1 b5 20. Qc1 bxc4 21. Qxc4
Bb6 22. Bh3 Kh8 23. Qxe6 Qd8 24. Qc4 Qa8 25. Bg2 Ra5 26. Qc2 Bc7 27. N1d2 f5
28. Nc4 fxe4 29. Nxa5 Bxa5 30. dxe4 Bxe4 31. Qxc5 Nd5 32. Qxd4 Re8 33. Rbe2 Bb6
34. Qc4 Nc3 35. Kf1 Bxf2 36. Kxf2 Nxe2 37. Ng5 Qa7+ 38. Ke1 Bg6 39. Bc6 Qg1+
40. Kd2 Qe3+ 41. Ke1 Nxf4+ 42. Kd1 Qe1# 0-1

[Event "103rd YMCA Winter A"]
[Site "Warszawa"]
[Date "2012.03.02"]
[Round "9"]
[White "Kaczorowski, Piotr"]
[Black "Malec, Sebastian"]
[Result "1-0"]
[WhiteElo "2104"]
[BlackElo "2143"]
[PlyCount "95"]
[EventDate "2012.01.04"]
[EventType "tourn"]
[EventRounds "1"]
[EventCountry "POL"]
[SourceDate "2012.01.03"]

1. a3 g6 2. g3 Bg7 3. Bg2 Nf6 4. c4 O-O 5. Nc3 d6 6. Nf3 e5 7. O-O Nc6 8. b4
Ne7 9. d4 Nd7 10. Bb2 h6 11. dxe5 dxe5 12. Qb3 c6 13. Ne4 Qc7 14. c5 Kh7 15.
Rfd1 f5 16. Nd6 g5 17. g4 fxg4 18. Nxg5+ hxg5 19. Nxc8 Nf6 20. Nd6 Ng6 21. Ne4
Kh6 22. Nxf6 Rxf6 23. Qg3 Raf8 24. Qxg4 Rf4 25. Qh3+ Rh4 26. Qe3 Rff4 27. Rd6
Kh5 28. Rad1 Rfg4 29. Rxg6 Kxg6 30. Rd6+ Kh5 31. Bxe5 Bxe5 32. Qxe5 Rxg2+ 33.
Kxg2 Rg4+ 34. Kf1 Qh7 35. Qe8+ Kh4 36. Qg6 Qxg6 37. Rxg6 Rc4 38. Rg7 b6 39.
Rh7+ Kg4 40. h3+ Kf4 41. Rc7 bxc5 42. Rxc6 Rc3 43. Rxc5 Rxa3 44. e3+ Ke4 45.
Rxg5 Kd3 46. Ra5 Rb3 47. Rxa7 Rxb4 48. Rd7+ 1-0

[Event "103rd YMCA Winter A"]
[Site "Warszawa"]
[Date "2012.03.06"]
[Round "9"]
[White "Jarmula, Pawel"]
[Black "Zysko, Jan"]
[Result "1/2-1/2"]
[WhiteElo "2219"]
[BlackElo "2184"]
[Annotator "M"]
[PlyCount "71"]
[EventDate "2012.01.04"]
[EventType "tourn"]
[EventRounds "1"]
[EventCountry "POL"]
[SourceDate "2012.01.03"]

1. e4 c5 2. Nf3 d6 3. d4 cxd4 4. Nxd4 Nf6 5. Nc3 e6 6. g4 h6 7. h4 Nc6 8. Rg1
h5 9. gxh5 Nxh5 10. Bg5 Nf6 11. Qd2 Qb6 12. Nb3 Bd7 13. O-O-O a6 14. Be2 Qc7
15. Kb1 O-O-O 16. h5 Be7 17. f4 Nxh5 18. Bxe7 Nxe7 19. Bxh5 Rxh5 20. Rxg7 Be8
$11 21. Qe2 Rh8 22. Qg4 Kb8 23. Qg5 d5 24. Qe5 Qxe5 25. fxe5 d4 26. Nxd4 Ng6
27. Kc1 Nxe5 28. Rg2 Kc7 29. Rg5 Nc6 30. Nf3 Rh3 31. Rf1 f6 32. Rg7+ Rd7 33.
Rxd7+ Kxd7 34. Nd2 Ke7 35. Nb3 Ne5 36. Nc5 $11 1/2-1/2

[Event "103rd YMCA Winter A"]
[Site "Warszawa"]
[Date "2012.03.02"]
[Round "9"]
[White "Nowicki, Bartosz"]
[Black "Rutkowski, Piotr"]
[Result "0-1"]
[WhiteElo "2127"]
[BlackElo "2095"]
[PlyCount "90"]
[EventDate "2012.01.04"]
[EventType "tourn"]
[EventRounds "1"]
[EventCountry "POL"]
[SourceDate "2012.01.03"]

1. e4 c5 2. Nf3 d6 3. d4 cxd4 4. Nxd4 Nf6 5. Nc3 a6 6. Bg5 Nbd7 7. f4 Qc7 8.
Qf3 h6 9. Bxf6 Nxf6 10. f5 g5 11. fxg6 fxg6 12. Nd5 Nxd5 13. exd5 Qa5+ 14. c3
Bg7 15. Qe4 Bf5 16. Nxf5 gxf5 17. Qe6 Kd8 18. Bd3 Rf8 19. O-O Bf6 20. Bxf5 Kc7
21. Kh1 Rad8 22. a4 Kb8 23. b4 Qc7 24. Rf3 Be5 25. Be4 Rxf3 26. Bxf3 Qxc3 27.
Rb1 Rf8 28. b5 Qc2 29. Rg1 Rxf3 30. Qxe7 Rb3 31. bxa6 bxa6 32. a5 Rb1 33. Qd8+
Ka7 34. Qe7+ Rb7 35. Qh4 Qd2 36. Qe4 Qd4 37. Qg6 Qf4 38. Qh5 Rc7 39. Qh3 Qd2
40. Qb3 Rb7 41. Qh3 Qxd5 42. Qxh6 Qe4 43. Qd2 Rh7 44. Re1 Rxh2+ 45. Kg1 Rxg2+
0-1

[Event "103rd YMCA Winter A"]
[Site "Warszawa"]
[Date "2012.02.29"]
[Round "9"]
[White "Liberadzki, Slawomir"]
[Black "Zaczek, Jonathon"]
[Result "0-1"]
[WhiteElo "2100"]
[BlackElo "2126"]
[PlyCount "143"]
[EventDate "2012.01.04"]
[EventType "tourn"]
[EventRounds "1"]
[EventCountry "POL"]
[SourceDate "2012.01.03"]

1. e4 c5 2. c3 d5 3. exd5 Qxd5 4. d4 Nf6 5. Nf3 Bg4 6. Nbd2 e6 7. Qa4+ Nbd7 8.
Bc4 Qd6 9. dxc5 Qxc5 10. Nb3 Qc7 11. Bg5 O-O-O 12. O-O-O Bd6 13. Bb5 a6 14.
Bxd7+ Qxd7 15. Qc4+ Qc7 16. Qxc7+ Bxc7 17. Rd4 Bxf3 18. gxf3 Rxd4 19. Nxd4 Nd5
20. h4 h5 21. Kc2 Bd8 22. Rg1 g6 23. Bxd8 Rxd8 24. Ne2 Ne7 25. Ng3 Rd5 26. Re1
Nf5 27. Re4 Nd6 28. Re2 Kd7 29. Ne4 Ke7 30. Nxd6 Kxd6 31. Re4 g5 32. hxg5 Rxg5
33. Kd3 Rd5+ 34. Kc2 Rf5 35. Rd4+ Ke7 36. Rb4 b5 37. Kd3 Rxf3+ 38. Ke2 Rf5 39.
a4 Kf6 40. c4 bxc4 41. Rxc4 Kg5 42. Kf1 h4 43. b4 h3 44. Kg1 h2+ 45. Kxh2 Rxf2+
46. Kg3 Ra2 47. Rg4+ Kf6 48. Rf4+ Ke7 49. a5 f5 50. Rd4 Rb2 51. Kf3 Kf6 52. Rc4
Ke5 53. Rc6 Rxb4 54. Rxa6 Ra4 55. Ra8 Ra3+ 56. Kf2 Kf4 57. a6 Ra2+ 58. Kf1 Kf3
59. Kg1 e5 60. a7 Kf4 61. Kf1 e4 62. Kg1 Ra5 63. Kf2 Ra2+ 64. Kf1 Kf3 65. Kg1
f4 66. Kh1 e3 67. Rh8 Rxa7 68. Rh3+ Kg4 69. Rh8 Kg3 70. Rg8+ Kf3 71. Rf8 e2 72.
Re8 0-1

[Event "103rd YMCA Winter A"]
[Site "Warszawa"]
[Date "2012.03.02"]
[Round "9"]
[White "Choroszej, Aleksander"]
[Black "Jarmula, Lukasz"]
[Result "1/2-1/2"]
[WhiteElo "2070"]
[BlackElo "2018"]
[Annotator "M"]
[PlyCount "34"]
[EventDate "2012.01.04"]
[EventType "tourn"]
[EventRounds "1"]
[EventCountry "POL"]
[SourceDate "2012.01.03"]

1. d4 Nf6 2. c4 g6 3. Nc3 d5 4. cxd5 Nxd5 5. e4 Nxc3 6. bxc3 Bg7 7. Nf3 c5 8.
Rb1 O-O 9. Be2 cxd4 10. cxd4 Qa5+ 11. Bd2 Qxa2 12. O-O Bg4 13. Bg5 h6 14. Be3
Nc6 15. Ra1 Qb2 16. Rb1 Qa2 17. Ra1 Qb2 $11 1/2-1/2

[Event "103rd YMCA Winter A"]
[Site "Warszawa"]
[Date "2012.03.02"]
[Round "9"]
[White "Gasik, Piotr"]
[Black "Adamski, Andrzej"]
[Result "0-1"]
[WhiteElo "2127"]
[BlackElo "2271"]
[PlyCount "72"]
[EventDate "2012.01.04"]
[EventType "tourn"]
[EventRounds "1"]
[EventCountry "POL"]
[SourceDate "2012.01.03"]

1. c4 e5 2. Nf3 d6 3. Nc3 Bg4 4. e3 Nc6 5. b4 Qd7 6. b5 Nd8 7. h3 Bh5 8. g4 Bg6
9. d4 f6 10. Bg2 h5 11. Nh4 Bf7 12. d5 Ne7 13. Be4 hxg4 14. Qxg4 Qxg4 15. hxg4
g6 16. Bb2 b6 17. Ke2 Nb7 18. f4 Nc5 19. Bc2 a6 20. bxa6 Rxa6 21. fxe5 dxe5 22.
Nf3 Rxh1 23. Rxh1 Bg7 24. a3 Kf8 25. Nd2 Nc8 26. Nb5 Nd6 27. Nxc7 Ra7 28. Nb5
Nxb5 29. cxb5 Bxd5 30. Rf1 Bf7 31. a4 Kg8 32. Kf3 Nxa4 33. Ra1 Rd7 34. Bc1 Nc3
35. Ra8+ Kh7 36. Rb8 Na2 0-1

[Event "103rd YMCA Winter A"]
[Site "Warszawa"]
[Date "2012.03.08"]
[Round "10"]
[White "Goslawski, Michal"]
[Black "Adamski, Andrzej"]
[Result "0-1"]
[WhiteElo "2067"]
[BlackElo "2271"]
[PlyCount "82"]
[EventDate "2012.01.04"]
[EventType "tourn"]
[EventRounds "1"]
[EventCountry "POL"]
[SourceDate "2012.01.03"]

1. d4 g6 2. c4 Bg7 3. Nc3 d6 4. e4 Nf6 5. Be2 O-O 6. Nf3 e5 7. d5 Ne8 8. O-O
Nd7 9. Ne1 f5 10. exf5 gxf5 11. f4 Qe7 12. Qc2 Kh8 13. Be3 Ndf6 14. Rd1 b6 15.
Kh1 Bd7 16. Bf3 Ng4 17. Bg1 exf4 18. Nd3 Ne3 19. Qc1 Nxf1 20. Rxf1 Nf6 21. Nxf4
Rae8 22. Nb5 Bxb5 23. cxb5 Bh6 24. Bd4 Kg8 25. g3 Ne4 26. Bg2 Rf7 27. h3 Nf6
28. Qc2 Bxf4 29. gxf4 Ne4 30. Rg1 Kf8 31. Bf3 Qh4 32. Qg2 Ke7 33. Bxe4 fxe4 34.
Qg5+ Qxg5 35. fxg5 Rf3 36. Kg2 Kf7 37. h4 Kg6 38. Rc1 Rd3 39. Bf6 e3 40. Kf1
e2+ 41. Ke1 Rxd5 0-1

[Event "103rd YMCA Winter A"]
[Site "Warszawa"]
[Date "2012.03.09"]
[Round "10"]
[White "Jarmula, Lukasz"]
[Black "Gasik, Piotr"]
[Result "0-1"]
[WhiteElo "2018"]
[BlackElo "2127"]
[PlyCount "84"]
[EventDate "2012.01.04"]
[EventType "tourn"]
[EventRounds "1"]
[EventCountry "POL"]
[SourceDate "2012.01.03"]

1. e4 Nf6 2. e5 Nd5 3. d4 d6 4. Nf3 dxe5 5. Nxe5 c6 6. Bc4 Nd7 7. Nf3 N7f6 8.
O-O g6 9. Re1 Bg7 10. h3 O-O 11. c3 Bf5 12. Nbd2 Qc7 13. Nb3 Rad8 14. Ne5 b6
15. Qf3 a5 16. a4 c5 17. g4 Be6 18. dxc5 bxc5 19. Nd3 Nd7 20. Bxd5 Bxd5 21.
Qxd5 Ne5 22. Qxe5 Bxe5 23. Nxe5 Qb6 24. Ra3 f6 25. Nc4 Qc6 26. Be3 Qf3 27. Kh2
Qd5 28. Nbxa5 f5 29. gxf5 Rxf5 30. Nd2 Qe5+ 31. Kg1 Rh5 32. Nf1 Rxh3 33. Kg2
Rh4 34. Ng3 Ra8 35. Nb3 Qd5+ 36. f3 Rb8 37. Nd2 Rxb2 38. Re2 Qd7 39. Bg5 Qh3+
40. Kf2 Qh2+ 41. Ke3 Qg1+ 42. Rf2 Rxd2 0-1

[Event "103rd YMCA Winter A"]
[Site "Warszawa"]
[Date "2012.03.01"]
[Round "10"]
[White "Zaczek, Jonathon"]
[Black "Choroszej, Aleksander"]
[Result "0-1"]
[WhiteElo "2126"]
[BlackElo "2070"]
[PlyCount "84"]
[EventDate "2012.01.04"]
[EventType "tourn"]
[EventRounds "1"]
[EventCountry "POL"]
[SourceDate "2012.01.03"]

1. e4 g6 2. d4 Bg7 3. f4 d6 4. Nf3 Nf6 5. Nc3 O-O 6. e5 Nfd7 7. h4 c5 8. h5
cxd4 9. Qxd4 dxe5 10. Qf2 e4 11. Ng5 Nf6 12. Be3 Bg4 13. hxg6 hxg6 14. Qh4 Qa5
15. Be2 Bxe2 16. Kxe2 Rd8 17. f5 Qxf5 18. Raf1 Qe5 19. Bf4 Qc5 20. Be3 Qc4+ 21.
Ke1 Nc6 22. Ncxe4 Qxc2 23. Bd2 Rxd2 24. Nxd2 Rd8 25. Ngf3 Ne5 26. Nd4 Qxb2 27.
N4b3 Nd3+ 28. Ke2 Qe5+ 29. Kd1 Ne4 30. Qh7+ Kf8 31. Rh3 Nc3+ 32. Kc2 Nb4+ 33.
Kc1 Nbxa2+ 34. Kc2 Nb4+ 35. Kc1 Ne2+ 36. Kd1 Nf4 37. Rhf3 Qe2+ 38. Kc1 Rc8+ 39.
Kb1 Qe5 40. Qxg7+ Kxg7 41. Rxf4 Nd3 42. Nc4 Qxf4 0-1

[Event "103rd YMCA Winter A"]
[Site "Warszawa"]
[Date "2012.03.07"]
[Round "10"]
[White "Rutkowski, Piotr"]
[Black "Liberadzki, Slawomir"]
[Result "0-1"]
[WhiteElo "2095"]
[BlackElo "2100"]
[PlyCount "58"]
[EventDate "2012.01.04"]
[EventType "tourn"]
[EventRounds "1"]
[EventCountry "POL"]
[SourceDate "2012.01.03"]

1. d4 d5 2. c4 e6 3. Nc3 Nf6 4. Nf3 c5 5. cxd5 Nxd5 6. e4 Nxc3 7. bxc3 cxd4 8.
cxd4 Nc6 9. Bc4 b5 10. Be2 a6 11. O-O Be7 12. Bb2 Bf6 13. a4 b4 14. Qd2 O-O 15.
d5 exd5 16. Bxf6 Qxf6 17. exd5 Rd8 18. Rfd1 Be6 19. Qa2 Bxd5 20. Bc4 Bxf3 21.
gxf3 Ne5 22. Bd5 Nxf3+ 23. Bxf3 Qxf3 24. Rxd8+ Rxd8 25. Qc4 a5 26. Qc7 Qd5 27.
Rc1 h6 28. Rc5 Qd1+ 29. Kg2 Rd6 0-1

[Event "103rd YMCA Winter A"]
[Site "Warszawa"]
[Date "2012.03.13"]
[Round "10"]
[White "Zysko, Jan"]
[Black "Nowicki, Bartosz"]
[Result "1/2-1/2"]
[WhiteElo "2184"]
[BlackElo "2127"]
[PlyCount "75"]
[EventDate "2012.01.04"]
[EventType "tourn"]
[EventRounds "1"]
[EventCountry "POL"]
[SourceDate "2012.01.03"]

1. e4 d6 2. d4 g6 3. Nc3 Bg7 4. Nf3 a6 5. Be2 b5 6. a4 b4 7. Nd5 a5 8. c3 e6 9.
Ne3 Bb7 10. cxb4 Bxe4 11. bxa5 Rxa5 12. Bd2 Ra8 13. Bc3 Ne7 14. O-O O-O 15. b4
Nd7 16. Nd2 Bb7 17. Ndc4 Nd5 18. Nxd5 Bxd5 19. Ne3 Nf6 20. Qc2 Qd7 21. Rfd1 Be4
22. Qb3 Nd5 23. Nxd5 Bxd5 24. Qc2 Rfc8 25. b5 c5 26. Qb2 Qb7 27. dxc5 Bxc3 28.
Qxc3 Rxc5 29. Qg3 Qc7 30. Bf3 Rc3 31. Bxd5 Rxg3 32. Bxa8 Rb3 33. Bc6 Qa5 34.
Rxd6 Qxa4 35. Rad1 Rxb5 36. Bxb5 Qxb5 37. h3 Kg7 38. Rd7 1/2-1/2

[Event "103rd YMCA Winter A"]
[Site "Warszawa"]
[Date "2012.03.09"]
[Round "10"]
[White "Malec, Sebastian"]
[Black "Jarmula, Pawel"]
[Result "0-1"]
[WhiteElo "2143"]
[BlackElo "2219"]
[PlyCount "114"]
[EventDate "2012.01.04"]
[EventType "tourn"]
[EventRounds "1"]
[EventCountry "POL"]
[SourceDate "2012.01.03"]

1. e4 e6 2. Nf3 d5 3. e5 c5 4. g3 Nc6 5. Bg2 Nge7 6. O-O Ng6 7. Re1 Be7 8. h4
h6 9. c3 b5 10. d4 Qb6 11. Be3 c4 12. a3 a5 13. Nh2 Nf8 14. h5 Bd7 15. Nd2
O-O-O 16. b3 cxb3 17. Nxb3 a4 18. Nc5 Bxc5 19. dxc5 Qc7 20. Nf3 Na5 21. Nd4 Nc4
22. c6 Bxc6 23. Nxc6 Qxc6 24. Bd4 Nd7 25. Qg4 Rhg8 26. Qh4 Rde8 27. f4 Nc5 28.
Kh2 Nb3 29. Ra2 Qd7 30. Bf2 g5 31. hxg6 fxg6 32. Bh3 Qf7 33. Rd1 Kc7 34. Qxh6
Rh8 35. Qg5 Rh5 36. Qf6 Qh7 37. Kg2 Rxh3 38. Rxd5 Rh2+ 39. Kf3 exd5 40. Bb6+
Nxb6 41. Rxh2 Qxh2 42. Qf7+ Nd7 43. Qxe8 Nd2+ 44. Ke3 Nf1+ 45. Kf3 Qxg3+ 46.
Ke2 Qxf4 47. e6 Ng3+ 48. Kd1 Nf6 49. Qe7+ Kc6 50. Qa7 Qg4+ 51. Kc2 Qxe6 52.
Qa6+ Kd7 53. Qxb5+ Qc6 54. Qd3 Nge4 55. Kb2 Qb6+ 56. Ka1 Qb3 57. Qc4 Qxc4 0-1

[Event "103rd YMCA Winter A"]
[Site "Warszawa"]
[Date "2012.03.13"]
[Round "11"]
[White "Kaczorowski, Piotr"]
[Black "Goslawski, Michal"]
[Result "0-1"]
[WhiteElo "2104"]
[BlackElo "2067"]
[Annotator "M"]
[PlyCount "172"]
[EventDate "2012.01.04"]
[EventType "tourn"]
[EventRounds "1"]
[EventCountry "POL"]
[SourceDate "2012.01.03"]

1. a3 d5 2. d4 Nf6 3. Nf3 g6 4. e3 Bg7 5. Bd3 O-O 6. O-O c5 7. c4 cxd4 8. exd4
Bg4 9. Be3 Nc6 10. cxd5 Nxd5 11. Be2 Rc8 12. h3 Bf5 13. Nc3 Nxc3 14. bxc3 Na5
15. Rc1 Be6 16. Nd2 Nc4 17. Bxc4 Bxc4 18. Re1 Qa5 19. Qc2 Qa6 20. Qb2 Rc6 21.
Bg5 Rb6 22. Qa1 e6 23. Ne4 Qa5 24. Be7 Re8 25. Nd6 Rxd6 26. Bxd6 Qd5 27. Bf4
Bb5 28. Qb2 Bc6 29. f3 g5 30. Be5 f6 31. c4 Qd7 32. Bg3 Rd8 33. Rcd1 Ba4 34.
Rd2 h5 35. Qc3 h4 36. Bh2 e5 37. d5 b6 38. Kh1 Bf8 39. Qd3 Bd6 40. Bg1 Qh7 41.
Qc3 Rc8 42. Rc1 Qe7 43. Rd3 Bd7 44. Qb3 Bf5 45. Rdc3 Bc5 46. Bxc5 Rxc5 47. a4
Kg7 48. Qd1 Qd7 49. Kh2 Qd6 50. Rb3 Bd7 51. Re3 Ra5 52. Ra1 Kg6 53. Kh1 Bf5 54.
Rb3 Bd7 55. Qc2+ Bf5 56. Qc3 Bd7 57. Rb4 Qc5 58. Re1 Qd6 59. Rc1 Rc5 60. Ra1
Ra5 61. Qb3 Qc5 62. Rd1 Qd6 63. Rd2 Rc5 64. Qc2+ Bf5 65. Qc3 Bd7 66. Ra2 Ra5
67. Rbb2 Qc5 68. Rd2 Qd6 69. Qa3 Qxa3 70. Rxa3 Kf7 71. Rc2 Ke7 72. Kg1 Kd6 73.
Kf2 Rxa4 74. Rxa4 Bxa4 75. Ra2 Bb3 76. Rxa7 Bxc4 77. Rf7 b5 78. Rxf6+ Kxd5 79.
Rf5 b4 80. Rxg5 Kd4 81. Rg4+ Kc3 82. Rxh4 b3 83. Rh8 b2 84. Rb8 Bb3 85. Rc8+
Kd4 86. Rd8+ Kc5 $138 0-1

[Event "103rd YMCA Winter A"]
[Site "Warszawa"]
[Date "2012.03.30"]
[Round "11"]
[White "Jarmula, Pawel"]
[Black "Kielar, Maciej"]
[Result "1/2-1/2"]
[WhiteElo "2219"]
[BlackElo "2084"]
[Annotator "M"]
[PlyCount "113"]
[EventDate "2012.01.04"]
[EventType "tourn"]
[EventRounds "1"]
[EventCountry "POL"]
[SourceDate "2012.01.03"]

1. e4 c5 2. Nf3 g6 3. d4 Bg7 4. dxc5 Qa5+ 5. c3 Qxc5 6. Na3 Nf6 7. Nb5 b6 8.
Be3 Qc6 9. Nfd4 Qb7 10. Qf3 Na6 11. Bc4 d6 12. Bd5 Nxd5 13. exd5 Nc5 14. O-O a6
15. Na3 Bf5 16. Nxf5 gxf5 17. Qxf5 Qd7 18. Qxd7+ Kxd7 19. Nc2 Na4 20. Rab1 Rac8
21. Nd4 Bf6 22. c4 Rhg8 23. b3 Nc3 24. Rb2 Rg4 25. f4 b5 26. Rc2 Bxd4 27. Bxd4
Nxd5 $11 28. Rcf2 bxc4 29. h3 Rg3 30. bxc4 Rxc4 31. Rd1 Nc3 32. Bxc3 Rgxc3 33.
Rb1 Rc2 34. Rb7+ Ke6 35. Rf3 Re4 36. a3 Ree2 37. Rg3 Rc4 38. Rg4 Kf6 39. Rh4
Rc1+ 40. Kh2 Rcc2 41. Rg4 Ra2 42. Rg3 Re4 43. Ra7 Ra4 44. Re3 e6 45. Rc3 R2xa3
46. Rcc7 Rxf4 47. Rxf7+ Ke5 48. Rxh7 d5 49. Rh5+ Kd6 50. Rb7 Re4 51. Rh8 a5 52.
h4 Rb4 53. Ra7 e5 54. g3 Rg4 55. h5 e4 56. h6 Raxg3 57. h7 $11 1/2-1/2

[Event "103rd YMCA Winter A"]
[Site "Warszawa"]
[Date "2012.02.10"]
[Round "11"]
[White "Nowicki, Bartosz"]
[Black "Malec, Sebastian"]
[Result "1-0"]
[WhiteElo "2127"]
[BlackElo "2143"]
[PlyCount "37"]
[EventDate "2012.01.04"]
[EventType "tourn"]
[EventRounds "1"]
[EventCountry "POL"]
[SourceDate "2012.01.03"]

1. e4 c5 2. Nf3 Nc6 3. d4 cxd4 4. Nxd4 Nf6 5. Nc3 d6 6. Bg5 Bd7 7. Qd2 Rc8 8.
Bxf6 gxf6 9. Nf5 Qb6 10. O-O-O Nb4 11. Kb1 Bxf5 12. exf5 Bh6 13. Qd4 Rc5 14. a3
Nc6 15. Qd3 Ra5 16. Nd5 Qxf2 17. Nxe7 Nxe7 18. Qxd6 Qb6 19. Qb8+ 1-0